000
00256nam a2200097Ia 4500
001
768865
005
20250826165426.0
008
250824s9999 xx 000 0 und d
245
0
_a
AKLINDAKİNİ OKUYABİLİRİM
_c
DAVID LIEBERMAN
260
_b
KORİDOR YAYINLARI
999
_c
768865
_d
768865